[Event "ARG-ch Amateur"]
[Site "Termas de Rio Hondo"]
[Date "2019.11.18"]
[Round "7"]
[White "Jimenez, Joaquin Rodrigo"]
[Black "Cuva, Daniel Alejandro"]
[Result "1/2-1/2"]
[WhiteElo "2288"]
[BlackElo "2029"]
[PlyCount "161"]
[EventDate "2019.11.15"]
[EventType "swiss"]
[EventRounds "7"]
[EventCountry "ARG"]
[SourceTitle "CBM 193 Extra"]
[Source "ChessBase"]
[SourceDate "2020.01.31"]
[SourceVersion "1"]
[SourceVersionDate "2020.01.31"]
[SourceQuality "1"]

1. d4 Nf6 2. c4 e6 3. Nf3 Bb4+ 4. Nbd2 0-0 5. e3 b6 6. Bd3 Bb7 7. 0-0 d5 8. a3 Bd6 9. b4 c5 10. cxd5 exd5 11. bxc5 bxc5 12. dxc5 Bxc5 13. Bb2 Nbd7 14. Nb3 Bd6 15. Nbd4 Ne5 16. Nf5 Nxd3 17. Qxd3 a5 18. Rfd1 Ba6 19. Qd4 Bc8 20. Nxd6 Qxd6 21. Qh4 Ne4 22. Ng5 Nxg5 23. Qxg5 Qg6 24. Qxg6 hxg6 25. Rxd5 Be6 26. Rc5 Rfc8 27. Rc3 Rab8 28. Rxc8+ Rxc8 29. Bd4 a4 30. h3 Rc2 31. Rd1 Bb3 32. Be5 Kh7 33. Rd4 Rc1+ 34. Kh2 Rc2 35. Kg3 Rc5 36. Bd6 Rg5+ 37. Kh2 Rd5 38. Rh4+ Rh5 39. Rb4 Rd5 40. Rb6 Rf5 41. f3 Rd5 42. Kg3 Rg5+ 43. Kf2 Rd5 44. Bb4 Rd1 45. g4 Bc4 46. Rc6 Rf1+ 47. Kg2 Rc1 48. Kg3 Rg1+ 49. Kf4 Bb3 50. h4 Rf1 51. e4 Bd1 52. Rc3 Rh1 53. Be7 Rf1 54. e5 Bb3 55. Kg3 Re1 56. Bd6 Re2 57. f4 Be6 58. Rf3 Bd5 59. Rd3 Be6 60. Rf3 Bd5 61. Rd3 Be6 62. Bc5 Rb2 63. h5 gxh5 64. f5 Rb3 65. Rxb3 Bxb3 66. gxh5 Bd1 67. Kh4 Bc2 68. Kg5 Bb3 69. Bf8 Kg8 70. h6 gxh6+ 71. Bxh6 Kh7 72. Bf8 Kg8 73. Bb4 Kg7 74. Kf4 Ba2 75. Bc3 Kf8 76. Kg5 Ke8 77. Kf6 Bb3 78. Kg7 Ba2 79. e6 fxe6 80. f6 e5 81. Bxe5 1/2-1/2

[Event "La Cumbre Rusnak Memorial op"]
[Site "La Cumbre"]
[Date "2019.09.14"]
[Round "2.10"]
[White "Palacios, Luis Alberto"]
[Black "Cuva, Daniel Alejandro"]
[Result "0-1"]
[WhiteElo "1736"]
[BlackElo "2022"]
[PlyCount "54"]
[EventDate "2019.09.13"]
[EventType "swiss"]
[EventRounds "6"]
[EventCountry "ARG"]
[SourceTitle "EXT 2024"]
[Source "ChessBase"]
[SourceDate "2023.10.10"]
[SourceVersion "1"]
[SourceVersionDate "2023.10.10"]
[SourceQuality "1"]

1. d4 Nf6 2. c4 e6 3. Nc3 Bb4 4. Qc2 d5 5. Bg5 0-0 6. e3 h6 7. Bh4 c5 8. a3 Bxc3+ 9. Qxc3 g5 10. Bg3 Ne4 11. Qd3 Qa5+ 12. Kd1 Bd7 13. f3 Ba4+ 14. Ke2 Nf6 15. b3 dxc4 16. bxc4 cxd4 17. Be1 Qc7 18. Bg3 Qe7 19. e4 e5 20. Nh3 Nbd7 21. Nf2 b5 22. cxb5 Rac8 23. Ng4 Rc2+ 24. Ke1 Nc5 25. Qd1 Nxg4 26. fxg4 Qc7 27. Qf3 Qa5+ 0-1

[Event "ARG-ch Amateur U2300"]
[Site "Suipacha"]
[Date "2017.11.17"]
[Round "2.5"]
[White "Cuva, Daniel Alejandro"]
[Black "Pesuto, Ivan"]
[Result "1-0"]
[WhiteElo "1963"]
[BlackElo "2125"]
[PlyCount "153"]
[EventDate "2017.11.17"]
[EventType "swiss"]
[EventRounds "8"]
[EventCountry "ARG"]
[SourceTitle "EXT 2024"]
[Source "ChessBase"]
[SourceDate "2023.10.10"]
[SourceVersion "1"]
[SourceVersionDate "2023.10.10"]
[SourceQuality "1"]

1. e4 g6 2. Nc3 Bg7 3. d4 c6 4. a4 a5 5. Bc4 d6 6. Nf3 Nf6 7. Bb3 0-0 8. 0-0 Bg4 9. h3 Bxf3 10. Qxf3 e5 11. dxe5 dxe5 12. Be3 Nbd7 13. Qe2 Qe7 14. Qc4 Nh5 15. Ne2 Rfe8 16. Rad1 Nf4 17. Qxf7+ Qxf7 18. Bxf7+ Kxf7 19. Rxd7+ Re7 20. Rxe7+ Kxe7 21. Nc3 Ne6 22. Rd1 Bf8 23. Kf1 Ke8 24. g3 Bc5 25. Bxc5 Nxc5 26. h4 Ke7 27. Kg2 Rf8 28. f3 Ne6 29. Ne2 Nc5 30. b3 Rf6 31. Nc1 Rf8 32. Nd3 Rd8 33. Nb2 Rxd1 34. Nxd1 Ne6 35. Ne3 b5 36. Kf2 Nc5 37. Ke2 Ke6 38. Kd2 h5 39. axb5 cxb5 40. Nd5 Kd6 41. b4 axb4 42. Nxb4 Ne6 43. c3 Nc5 44. Nd5 Nb3+ 45. Ke3 Na5 46. g4 Nc4+ 47. Kd3 Nb2+ 48. Kc2 Nc4 49. gxh5 gxh5 50. Kd3 Nb2+ 51. Ke2 Na4 52. Kd2 Kc5 53. Kc2 Kc4 54. Ne3+ Kc5 55. Kb3 Nb6 56. Kc2 Na4 57. Kd3 Nb2+ 58. Kd2 Na4 59. Nf5 Kc4 60. Nd6+ Kc5 61. Nf7 Kc4 62. Nxe5+ Kb3 63. Nc6 Nxc3 64. e5 Nd5 65. Kd3 b4 66. Kd4 Nf4 67. Kc5 Ng6 68. e6 Kc3 69. Nxb4 Kd2 70. f4 Nxf4 71. e7 Ne6+ 72. Kd6 Ng7 73. Ke5 Ke3 74. Nd5+ Kf3 75. Kf6 Ne8+ 76. Kg5 Ng7 77. Nf6 1-0

[Event "Monteros op 7th"]
[Site "Monteros"]
[Date "2017.08.20"]
[Round "5"]
[White "Espindola, Juan Pablo"]
[Black "Cuva, Daniel Alejandro"]
[Result "1-0"]
[WhiteElo "1848"]
[BlackElo "1961"]
[PlyCount "102"]
[EventDate "2017.08.19"]
[EventType "swiss"]
[EventRounds "7"]
[EventCountry "ARG"]
[SourceTitle "EXT 2020"]
[Source "ChessBase"]
[SourceDate "2019.10.17"]
[SourceVersion "1"]
[SourceVersionDate "2019.10.17"]
[SourceQuality "1"]

1. e4 e6 2. d3 c5 3. Nd2 g6 4. Ngf3 Bg7 5. g3 Ne7 6. Bg2 Nbc6 7. 0-0 0-0 8. Re1 d6 9. c3 b5 10. d4 b4 11. e5 bxc3 12. bxc3 d5 13. Nb3 c4 14. Nc5 Qa5 15. Qc2 h6 16. h4 Nb8 17. Bh3 Nd7 18. Nxd7 Bxd7 19. Bf4 Rab8 20. Rab1 Qc7 21. Nh2 Kh7 22. Ng4 Rxb1 23. Rxb1 Nc6 24. h5 a5 25. Bg2 Rb8 26. Rxb8 Qxb8 27. hxg6+ fxg6 28. Bxh6 Bxh6 29. Nf6+ Kg7 30. Nxd7 Qb7 31. Nc5 Qe7 32. Bh3 Nd8 33. Qa4 Bd2 34. Qxa5 Kh6 35. Qb4 Nc6 36. Qb2 Bg5 37. f4 Bxf4 38. gxf4 Qh4 39. Qh2 Qe1+ 40. Bf1+ Kg7 41. Qh3 Nd8 42. a4 Qc1 43. Qf3 Qa1 44. Kg2 Kf7 45. Kg3 Qe1+ 46. Kh3 Nc6 47. Bg2 Ne7 48. Nb7 Kg7 49. Nd8 Nf5 50. Nxe6+ Kh6 51. Kh2 Nh4 1-0

[Event "Monteros op 7th"]
[Site "Monteros"]
[Date "2017.08.20"]
[Round "3"]
[White "Villca, Julian"]
[Black "Cuva, Daniel Alejandro"]
[Result "1-0"]
[WhiteElo "2158"]
[BlackElo "1961"]
[PlyCount "45"]
[EventDate "2017.08.19"]
[EventType "swiss"]
[EventRounds "7"]
[EventCountry "ARG"]
[SourceTitle "EXT 2020"]
[Source "ChessBase"]
[SourceDate "2019.10.17"]
[SourceVersion "1"]
[SourceVersionDate "2019.10.17"]
[SourceQuality "1"]

1. c4 Nf6 2. g3 e6 3. Bg2 d5 4. Nf3 Be7 5. 0-0 0-0 6. b3 b6 7. cxd5 Nxd5 8. d4 Nd7 9. Bb2 Ba6 10. Nc3 Nxc3 11. Bxc3 Rc8 12. Qd2 c5 13. Rfd1 Qc7 14. dxc5 Nxc5 15. Be5 Qd8 16. Qb2 Qe8 17. Bxg7 Qb5 18. Nd4 Qe8 19. Bxf8 Bxf8 20. Qd2 h6 21. Rac1 Bg7 22. b4 Na4 23. Bc6 1-0

[Event "ARG-ch sf U2300 Ottonello Memorial"]
[Site "Monteros"]
[Date "2016.09.17"]
[Round "2.3"]
[White "Cuva, Daniel Alejandro"]
[Black "Medina, Ricardo"]
[Result "0-1"]
[WhiteElo "2004"]
[BlackElo "1914"]
[PlyCount "90"]
[EventDate "2016.09.17"]
[EventType "swiss"]
[EventRounds "6"]
[EventCountry "ARG"]
[SourceTitle "EXT 2024"]
[Source "ChessBase"]
[SourceDate "2023.10.10"]
[SourceVersion "1"]
[SourceVersionDate "2023.10.10"]
[SourceQuality "1"]

1. e4 d6 2. d4 Nf6 3. Nc3 g6 4. Be3 Bg7 5. f3 0-0 6. Bc4 e5 7. Nge2 c6 8. dxe5 dxe5 9. Qxd8 Rxd8 10. 0-0 Nbd7 11. Rad1 b5 12. Bb3 a5 13. a4 b4 14. Nb1 Ba6 15. Rfe1 Bf8 16. Nd2 Bc5 17. Kf2 Bxe3+ 18. Kxe3 Nb6 19. Nc1 Nfd7 20. Nd3 Bxd3 21. cxd3 Nc5 22. Bc2 Nbxa4 23. Bxa4 Nxa4 24. Nc4 f6 25. f4 exf4+ 26. Kxf4 Rd4 27. Re2 Nc5 28. Ke3 Ne6 29. Nb6 Rad8 30. Rc2 c5 31. b3 f5 32. exf5 gxf5 33. g3 R4d6 34. Nc4 Nd4 35. Nxd6 Nxc2+ 36. Kd2 Nd4 37. Nb7 Nxb3+ 38. Kc2 Rd7 39. Kxb3 Rxb7 40. Ra1 Ra7 41. Ka4 Rd7 42. Rc1 Rxd3 43. Kxa5 Rc3 44. Rf1 b3 45. Ka4 c4 0-1

[Event "ARG-ch sf U2300 Ottonello Memorial"]
[Site "Monteros"]
[Date "2016.09.17"]
[Round "1.5"]
[White "Moreira, Angel Roberto"]
[Black "Cuva, Daniel Alejandro"]
[Result "0-1"]
[WhiteElo "1740"]
[BlackElo "2004"]
[PlyCount "104"]
[EventDate "2016.09.17"]
[EventType "swiss"]
[EventRounds "6"]
[EventCountry "ARG"]
[SourceTitle "EXT 2024"]
[Source "ChessBase"]
[SourceDate "2023.10.10"]
[SourceVersion "1"]
[SourceVersionDate "2023.10.10"]
[SourceQuality "1"]

1. d4 Nf6 2. Nf3 e6 3. Bg5 c5 4. c3 h6 5. Bxf6 Qxf6 6. e3 d6 7. Nbd2 Nc6 8. Bd3 e5 9. d5 Nb8 10. Ne4 Qd8 11. Ng3 g6 12. e4 Bg7 13. 0-0 0-0 14. Qc2 h5 15. Nd2 Nd7 16. f4 exf4 17. Rxf4 Bh6 18. Rf2 Be3 19. Nc4 Bxf2+ 20. Qxf2 Qe7 21. Qf4 Ne5 22. Nxe5 Qxe5 23. Qxe5 dxe5 24. Rf1 h4 25. Ne2 Bd7 26. c4 a6 27. Nc3 Rab8 28. a4 Kg7 29. b3 f5 30. Rf2 f4 31. Be2 g5 32. g4 hxg3 33. hxg3 Rf6 34. gxf4 gxf4 35. Rg2+ Rg6 36. Rxg6+ Kxg6 37. Kf2 Kf6 38. Bf1 Rg8 39. Ne2 Bg4 40. Nc3 Bh5 41. a5 Ke7 42. Na4 Kd6 43. b4 cxb4 44. c5+ Kc7 45. Bc4 Rg3 46. d6+ Kd8 47. Bd5 Be8 48. Nb6 b3 49. Nc4 Rc3 50. Nxe5 Rxc5 51. Nd3 Rc2+ 52. Kf3 Rc3 0-1

[Event "ARG-ch sf U2000"]
[Site "Monteros"]
[Date "2015.11.01"]
[Round "4.1"]
[White "Cuva, Daniel Alejandro"]
[Black "Zaidman, Ivan"]
[Result "0-1"]
[WhiteElo "1989"]
[BlackElo "1830"]
[PlyCount "54"]
[EventDate "2015.10.31"]
[EventType "swiss"]
[EventRounds "6"]
[EventCountry "ARG"]
[SourceTitle "EXT 2024"]
[Source "ChessBase"]
[SourceDate "2023.10.10"]
[SourceVersion "1"]
[SourceVersionDate "2023.10.10"]
[SourceQuality "1"]

1. e4 c5 2. Nc3 Nc6 3. g3 g6 4. Bg2 Bg7 5. d3 d6 6. Be3 Nf6 7. h3 Qa5 8. Nge2 Bd7 9. 0-0 0-0 10. d4 cxd4 11. Nxd4 Nxd4 12. Bxd4 Bc6 13. Nd5 Nxd5 14. Bxg7 Ne3 15. Qc1 Nxf1 16. Bxf8 Nxg3 17. fxg3 Rxf8 18. c3 f5 19. exf5 Qxf5 20. Qe3 Bxg2 21. Kxg2 Qd5+ 22. Kh2 Rf3 23. Qe2 Rd3 24. Qf1 Rd2+ 25. Kg1 Qc5+ 26. Kh1 Rf2 27. Qe1 Qd5+ 0-1

[Event "ARG-ch sf U2000"]
[Site "Monteros"]
[Date "2015.10.31"]
[Round "2.1"]
[White "Cuva, Daniel Alejandro"]
[Black "Medina, Ricardo"]
[Result "1-0"]
[WhiteElo "1989"]
[BlackElo "1853"]
[PlyCount "91"]
[EventDate "2015.10.31"]
[EventType "swiss"]
[EventRounds "6"]
[EventCountry "ARG"]
[SourceTitle "EXT 2024"]
[Source "ChessBase"]
[SourceDate "2023.10.10"]
[SourceVersion "1"]
[SourceVersionDate "2023.10.10"]
[SourceQuality "1"]

1. e4 e5 2. Nf3 Nc6 3. Bb5 a6 4. Ba4 Nf6 5. 0-0 Be7 6. Re1 b5 7. Bb3 d6 8. h3 Na5 9. c3 Nxb3 10. axb3 c5 11. d3 0-0 12. Bg5 h6 13. Be3 Bb7 14. Nbd2 Qc7 15. c4 Nh7 16. g4 h5 17. Nh2 hxg4 18. hxg4 Ng5 19. Ndf1 g6 20. Bxg5 Bxg5 21. Ne3 Kg7 22. Nf3 Qe7 23. Nxg5 Qxg5 24. Kf1 b4 25. Qf3 Rh8 26. Ke2 Qf4 27. Rh1 Qxf3+ 28. Kxf3 Rxh1 29. Rxh1 a5 30. g5 f5 31. gxf6+ Kxf6 32. Rh7 Bc6 33. Rc7 Ra6 34. Kg4 Ba8 35. Nd5+ Bxd5 36. cxd5 a4 37. bxa4 Rxa4 38. Rd7 Ra2 39. Rxd6+ Kf7 40. Rc6 Rxb2 41. f4 Rd2 42. fxe5 Rxd3 43. Rc7+ Kf8 44. Rxc5 b3 45. Kg5 Re3 46. Kf6 1-0

[Event "Nicandro Memorial U2200 3rd"]
[Site "Santiago del Estero"]
[Date "2014.11.02"]
[Round "5.4"]
[White "Carbone, Jorge Augusto"]
[Black "Cuva, Daniel Alejandro"]
[Result "0-1"]
[WhiteElo "1640"]
[BlackElo "1954"]
[PlyCount "99"]
[EventDate "2014.11.01"]
[EventType "swiss"]
[EventRounds "6"]
[EventCountry "ARG"]
[SourceTitle "EXT 2024"]
[Source "ChessBase"]
[SourceDate "2023.10.10"]
[SourceVersion "1"]
[SourceVersionDate "2023.10.10"]
[SourceQuality "1"]

1. d4 d5 2. Nf3 Nf6 3. Bf4 c6 4. e3 Qb6 5. Qc1 Bf5 6. Nbd2 Nbd7 7. c4 e6 8. c5 Qa5 9. a3 Nh5 10. b4 Qd8 11. Bg5 Be7 12. Bxe7 Qxe7 13. Be2 Nhf6 14. Nh4 Be4 15. f3 Bg6 16. Nxg6 hxg6 17. 0-0 e5 18. Bd3 exd4 19. exd4 Qe3+ 20. Kh1 Qxd3 21. Re1+ Kf8 22. a4 Qxd4 23. Rb1 Nh5 24. Nf1 Nf4 25. Qe3 Qxe3 26. Rxe3 Re8 27. Rbe1 Rxe3 28. Rxe3 Ne6 29. g3 a5 30. Rb3 axb4 31. Rxb4 Nexc5 32. a5 Ke7 33. Kg2 Ra8 34. Nd2 Rxa5 35. Kf1 Ra2 36. Ke2 Ne5 37. Kd1 Kd6 38. Rd4 b5 39. Ne4+ Nxe4 40. fxe4 Rxh2 41. exd5 c5 42. Rf4 Kxd5 43. g4 Rg2 44. g5 Rxg5 45. Rh4 Rg2 46. Kc1 c4 47. Kb1 b4 48. Rh1 c3 49. Rd1+ Kc4 50. Ka1 0-1

[Event "Nicandro Memorial U2200 3rd"]
[Site "Santiago del Estero"]
[Date "2014.11.02"]
[Round "4.6"]
[White "Cuva, Daniel Alejandro"]
[Black "Mariscal, Carlos Jesus"]
[Result "1-0"]
[WhiteElo "1954"]
[BlackElo "1904"]
[PlyCount "103"]
[EventDate "2014.11.01"]
[EventType "swiss"]
[EventRounds "6"]
[EventCountry "ARG"]
[SourceTitle "EXT 2024"]
[Source "ChessBase"]
[SourceDate "2023.10.10"]
[SourceVersion "1"]
[SourceVersionDate "2023.10.10"]
[SourceQuality "1"]

1. e4 c5 2. Nc3 e6 3. g3 Nc6 4. Bg2 a6 5. Nf3 b5 6. d4 cxd4 7. Nxd4 Qc7 8. 0-0 Bb7 9. Nxc6 Qxc6 10. Ne2 Nf6 11. Nd4 Qb6 12. Qd3 d5 13. e5 Ne4 14. Nb3 Rc8 15. c3 Be7 16. Be3 Qc7 17. Bd4 0-0 18. Nd2 Nc5 19. Qe3 Na4 20. Rab1 Bc5 21. Nb3 Be7 22. Rfc1 Nc5 23. Nd2 Nd7 24. Bf1 h6 25. Bd3 Bg5 26. f4 Be7 27. b4 Qc6 28. Bc2 Rfe8 29. Qd3 g6 30. h4 h5 31. Kg2 Kg7 32. Kh3 Rh8 33. Nf3 Qc4 34. Qe3 Qc6 35. Rg1 Rcg8 36. Ra1 Rc8 37. Nd2 Bxb4 38. cxb4 Qxc2 39. Rgc1 Qf5+ 40. Kg2 Rc4 41. Nxc4 dxc4+ 42. Kh2 Rc8 43. Rc3 Nb8 44. Bc5 Be4 45. a4 Bc6 46. axb5 axb5 47. Bd6 Nd7 48. Rcc1 Ra8 49. Rxa8 Bxa8 50. Bc5 Bd5 51. Bd4 Nb8 52. Bc5 1-0

[Event "Nicandro Memorial U2200 3rd"]
[Site "Santiago del Estero"]
[Date "2014.11.01"]
[Round "1.7"]
[White "Acosta, Lautaro Gaston"]
[Black "Cuva, Daniel Alejandro"]
[Result "0-1"]
[WhiteElo "1661"]
[BlackElo "1954"]
[PlyCount "118"]
[EventDate "2014.11.01"]
[EventType "swiss"]
[EventRounds "6"]
[EventCountry "ARG"]
[SourceTitle "EXT 2024"]
[Source "ChessBase"]
[SourceDate "2023.10.10"]
[SourceVersion "1"]
[SourceVersionDate "2023.10.10"]
[SourceQuality "1"]

1. d4 d5 2. c4 e6 3. Nf3 Nf6 4. Nc3 Be7 5. e3 0-0 6. Bd3 dxc4 7. Bxc4 c5 8. 0-0 a6 9. b3 b5 10. Be2 Bb7 11. Bb2 Nbd7 12. dxc5 Bxc5 13. Rc1 Qe7 14. Qc2 Rac8 15. Rcd1 Bb4 16. Qd3 Rfd8 17. Qd4 e5 18. Qa7 Bxf3 19. Bxf3 Bxc3 20. Bxc3 Rxc3 21. Qxa6 b4 22. Qb7 Rb8 23. Qa7 e4 24. Be2 Rcc8 25. Rd4 Ra8 26. Qb7 Rcb8 27. Qc7 Qd8 28. Qc6 Qb6 29. Qxb6 Rxb6 30. Rfd1 Nf8 31. Bc4 h6 32. R1d2 Rab8 33. h3 Ne6 34. Rd6 Rxd6 35. Rxd6 Nc7 36. Kf1 Kf8 37. f4 exf3 38. gxf3 Ke7 39. Rd2 Nb5 40. e4 Nc3 41. Kf2 Ra8 42. Ke3 Rxa2 43. Rxa2 Nxa2 44. Kd4 Nc1 45. Kc5 Na2 46. Kc6 Nd7 47. f4 g5 48. fxg5 hxg5 49. Kc7 Ne5 50. Bd5 Ng6 51. Kc6 Nf4 52. e5 Nxh3 53. Bf3 Nf2 54. Bh5 Ke6 55. Bxf7+ Kxe5 56. Kc5 g4 57. Bc4 Ne4+ 58. Kb5 Nd2 59. Bf7 g3 0-1